| 000 | 00516nam a22001577a 4500 | ||
|---|---|---|---|
| 999 |
_c15489 _d15489 |
||
| 003 | OSt | ||
| 008 | 180925b ||||| |||| 00| 0 eng d | ||
| 082 |
_a631.1 _bGEE/PE |
||
| 100 |
_aGeethu M _aMeera T _93814 |
||
| 245 | _aPerformance evaluation of tractor operated spading machine | ||
| 260 |
_aThavanur _bDepartment of farm power machinery and energy _c2018 |
||
| 300 |
_aix, 43 _eCD |
||
| 700 |
_aSuma Nair (Guide) _93229 |
||
| 856 | _uhttps://drive.google.com/open?id=1HMm2a0lnIFTctmJHttTD3j8djaGm3U4D | ||
| 942 | _cPR | ||